Direktiva PSD za dveřmi finančního světa

Harmonizácia právnych požiadaviek pre oblasť platieb a platobných systémov v zmysle direktívy PSD (Payments services directive). Praktické rozdiely medzi SEPA a PSD. Prísnejšie platobné termíny. Stimulácia konkurencie ako cieľ direktívy PSD. Zvýšenie nákladov pre banky. Funkcia dodatkov pre PSD.

Saved in:
Bibliographic Details
Format: Book Chapter
Language:Czech
Subjects:
Tags: Add Tag
No Tags, Be the first to tag this record!

MARC

LEADER 00000naa$a2200000$$$4500
001 0052005
005 20231010085953.4
041 0 |a cze 
044 |a CZ 
245 1 0 |a Direktiva PSD za dveřmi finančního světa 
520 |a Harmonizácia právnych požiadaviek pre oblasť platieb a platobných systémov v zmysle direktívy PSD (Payments services directive). Praktické rozdiely medzi SEPA a PSD. Prísnejšie platobné termíny. Stimulácia konkurencie ako cieľ direktívy PSD. Zvýšenie nákladov pre banky. Funkcia dodatkov pre PSD. 
610 2 0 |a riziko operačné 
610 2 0 |a ochrana spotrebiteľa 
610 2 0 |a konkurencia 
610 2 0 |a systémy platobné 
610 2 0 |a harmonizácia 
610 2 0 |a normy 
610 2 0 |a Európska únia 
610 2 0 |a banky 
610 2 0 |a náklady